El derecho liberal

Gardado en:
Detalles Bibliográficos
Autor Principal: Farrell, Martín Diego (Author)
Formato: Libro
Idioma:Lingua castelá
Publicado: Buenos Aires Abeledo-Perrot 1998
Subjects:
Tags: Engadir etiqueta
Sen Etiquetas, Sexa o primeiro en etiquetar este rexistro!

MARC

LEADER 00000nam a2200000 a 4500
001 UCO4465
003 CL-VaPUC
008 000804e19980000AG |||||||||||||||||spa|d
082 0 4 |a 320.51  |b FAR  |2 21 
100 0 |a Farrell, Martín Diego  |e author  |9 449011 
245 1 3 |a El derecho liberal 
300 |a 204 p 
942 |c BK 
945 |d 20000804 00:00:00  |a vberengu 
260 |a Buenos Aires  |b Abeledo-Perrot  |c 1998 
650 0 |a Derecho constitucional   |9 222588 
650 0 |a Derecho internacional  |9 255637 
650 0 |a Ideologías políticas   |9 255735 
650 0 |a Liberalismo  |9 255715 
583 |a last modification  |c 20190801 07:57:59  |k Rodrigo Vera 
999 |c 290506  |d 290504 
952 |0 0  |1 0  |4 0  |6 320_510000000000000_FAR_1998  |7 0  |8 DER_TF  |9 339995  |a BIBDER  |b BIBDER  |d 2019-11-20  |i 3590062  |o 320.51 FAR 1998  |p 3590062  |r 2023-01-25  |w 2019-11-20  |x Ubicación 4to Piso  |y BK  |z Estos recursos deben solicitarse con anticipación  |k DER